Escuela para Cadetes de la Policía Nacional : (Registro nro. 14052)

Detalles MARC
000 -LEADER
fixed length control field 01133nam a2200289 a 4500
001 - CONTROL NUMBER
control field
003 - CONTROL NUMBER IDENTIFIER
control field OSt
005 - DATE AND TIME OF LATEST TRANSACTION
control field 20220308081710.0
007 - PHYSICAL DESCRIPTION FIXED FIELD--GENERAL INFORMATION
fixed length control field ta
008 - FIXED-LENGTH DATA ELEMENTS--GENERAL INFORMATION
fixed length control field 130308s2018 dr ac 000 0 spa d
020 ## - INTERNATIONAL STANDARD BOOK NUMBER
International Standard Book Number 9789945912340
040 ## - CATALOGING SOURCE
Original cataloging agency DO-SdBNP
Language of cataloging spa
Transcribing agency BPMSU
082 ## - DEWEY DECIMAL CLASSIFICATION NUMBER
Classification number 355.5097293
Item number J58e 2018
Edition number 22
100 1# - MAIN ENTRY--PERSONAL NAME
Personal name Jesús Dipré, Pablo de,
Dates associated with a name 1968-
245 10 - TITLE STATEMENT
Title Escuela para Cadetes de la Policía Nacional :
Remainder of title origen y evolución /
Statement of responsibility, etc. Pablo de Jesús Dipré ; edición Piero Espinal Estévez ; fotografías Francisco Franco Galán ; prólogo: Damián Arias Matos.
260 ## - PUBLICATION, DISTRIBUTION, ETC. (IMPRINT)
Place of publication, distribution, etc. San José de las Matas, República Dominicana :
Name of publisher, distributor, etc. OPUS,
Date of publication, distribution, etc. 2018
300 ## - PHYSICAL DESCRIPTION
Extent 301 p. :
Other physical details il., retrs. ;
Dimensions 28 cm.
500 ## - GENERAL NOTE
General note 50 Aniversario
500 ## - GENERAL NOTE
General note Incluye datos biográficos del autor en la solapa de la cubierta
590 ## - LOCAL NOTE (RLIN)
Local note Inventariado, 2022/VM
651 #4 - SUBJECT ADDED ENTRY--GEOGRAPHIC NAME
Geographic name República Dominica.
General subdivision Policia Nacional, Escuela Militar de Cadetes
-- Historia
700 ## - ADDED ENTRY--PERSONAL NAME
Personal name Espinal Estévez, Piero,
Relator term edición
700 1# - ADDED ENTRY--PERSONAL NAME
Personal name Franco Galán, Francisco,
Relator term Fotografías
700 1# - ADDED ENTRY--PERSONAL NAME
Personal name Arias Matos. Damián,
Relator term prólogo
910 ## - USER-OPTION DATA (OCLC)
User-option data VMateo V.
942 ## - ADDED ENTRY ELEMENTS (KOHA)
Source of classification or shelving scheme Dewey Decimal Classification
Koha item type Libros
Existencias
Withdrawn status Lost status Source of classification or shelving scheme Damaged status Not for loan Collection code Home library Current library Date acquired Total Checkouts Full call number Barcode Date last seen Price effective from Koha item type
    Dewey Decimal Classification     Colección Dominicana Biblioteca Pública Metropolitana Salomé Ureña Biblioteca Pública Metropolitana Salomé Ureña 03/08/2022   BPMSU CD 355.5097293 J58e 2018 BPMSU22030012 03/08/2022 03/08/2022 Libros